Harappa sabhyatha aur vedic sahitya/ (Record no. 17074)

000 -LEADER
fixed length control field 00439nam a22001691a 4500
020 ## - INTERNATIONAL STANDARD BOOK NUMBER
ISBN 9788171193011
082 ## - DEWEY DECIMAL CLASSIFICATION NUMBER
Classification number H 934.01
Item number BHA/H
100 ## - MAIN ENTRY--AUTHOR NAME
Personal name Bhagwan Singh
245 ## - TITLE STATEMENT
Title Harappa sabhyatha aur vedic sahitya/
Statement of responsibility, etc by Bhagwan Singh
260 ## - PUBLICATION, DISTRIBUTION, ETC. (IMPRINT)
Place of publication New Delhi:
Name of publisher Radhakrishna,
Year of publication 1997.
300 ## - PHYSICAL DESCRIPTION
Number of Pages 649p.
650 ## - SUBJECT ADDED ENTRY--TOPICAL TERM
Topical Term History Vedic Period
650 ## - SUBJECT ADDED ENTRY--TOPICAL TERM
Topical Term History Harappa
650 ## - SUBJECT ADDED ENTRY--TOPICAL TERM
Topical Term History India Ancient
650 ## - SUBJECT ADDED ENTRY--TOPICAL TERM
Topical Term History
942 ## - ADDED ENTRY ELEMENTS (KOHA)
Koha item type Book
Holdings
Withdrawn status Lost status Damaged status Not for loan Permanent Location Current Location Date acquired Cost, normal purchase price Full call number Accession Number Cost, replacement price Price effective from Koha item type Shelving location
        Sree Sankaracharya University of Sanskrit Sree Sankaracharya University of Sanskrit 08.01.2015 350.00 H 934.01 BHA/H 026688 0.00 08.01.2015 Book  
        Sree Sankaracharya University of Sanskrit Sree Sankaracharya University of Sanskrit 02.03.2026 1495.00 H 934.01 BHA/H 107809   02.03.2026 Book Stacks